000 00433nam a2200181Ia 4500
001 16869
005 20260306170343.0
008 260306t2006||||xx |||||||||||||| ||und||
041 _aESP
082 _a657.3
_bA17
100 _aActualidad Empresarial
_eAUT
245 0 _aManual de indicadores financieros
260 _c2006
300 _a334 páginas :
_c25 cm.
650 _aGEN
654 _aCCO
942 _cLIB
_dJUS
_fJUS
_2ddc
_n
999 _c16869
_d16869